Statistiques concernant Messi vs Ronaldo. Meilleur buteur en club par saison depuis 2004/2005

Cliquez ici pour prendre le quiz!

Statistiques générales

  • Ce quiz a été pris 968 fois
    (329 depuis la dernière actualisation)
  • Le résultat moyen est 12 sur 18

Statistiques - réponses

QuestionRéponse% Correct
2004-2005Ronaldo
93%
2011-2012Messi
91%
2009-2010Messi
88%
2005-2006Ronaldo
88%
2006-2007Ronaldo
86%
2013-2014Ronaldo
81%
2018-2019Messi
79%
2007-2008Ronaldo
79%
2008-2009Messi
70%
2020-2021Messi
61%
2022-2023Messi
61%
2021-2022Ronaldo
60%
2012-2013Messi
58%
2015-2016Ronaldo
54%
2017-2018Messi
49%
2019-2020Ronaldo
43%
2014-2015Ronaldo
42%
2016-2017Messi
36%

Distribution des résultats

Percentile par nombre de réponses

% des personnes avec chaque résultat

Votre développement - résultats

Vous n’avez pas pris ce quiz depuis la dernière actualisation